Loading...
| Current Events | 2 | 15.00 | 100% | 50% | 0% |
| Fine Arts - Classical Music | 5 | 4.00 | 40% | 0% | 0% |
| Fine Arts - Other Fine Arts | 9 | 15.56 | 78% | 56% | 22% |
| Geography | 4 | 12.50 | 50% | 75% | 0% |
| History - American History | 5 | 10.00 | 80% | 20% | 0% |
| History - European History | 3 | 13.33 | 100% | 0% | 33% |
| History - Other History | 5 | 14.00 | 100% | 20% | 20% |
| History - World History | 7 | 20.00 | 100% | 57% | 43% |
| Literature - American Literature | 2 | 20.00 | 100% | 100% | 0% |
| Literature - British Literature | 6 | 13.33 | 100% | 33% | 0% |
| Literature - European Literature | 4 | 15.00 | 100% | 50% | 0% |
| Literature - World Literature | 7 | 11.43 | 86% | 14% | 14% |
| Mythology | 8 | 16.25 | 88% | 75% | 0% |
| Painting/Sculpture | 2 | 20.00 | 100% | 100% | 0% |
| Philosophy | 4 | 12.50 | 100% | 25% | 0% |
| Pop Culture | 1 | 30.00 | 100% | 100% | 100% |
| Religion | 2 | 15.00 | 100% | 50% | 0% |
| Science - Biology | 5 | 16.00 | 80% | 60% | 20% |
| Science - Chemistry | 4 | 17.50 | 100% | 75% | 0% |
| Science - Other Science | 5 | 10.00 | 60% | 40% | 0% |
| Science - Physics | 5 | 2.00 | 20% | 0% | 0% |
| Social Science | 5 | 10.00 | 80% | 20% | 0% |